Welcome to CU Library Online Public Access Catalogue (OPAC)

Compensation / (Record no. 4370)

MARC details
000 -LEADER
fixed length control field 01042cam a2200265 a 4500
001 - CONTROL NUMBER
control field 14665263
005 - DATE AND TIME OF LATEST TRANSACTION
control field 20250226153833.0
008 - FIXED-LENGTH DATA ELEMENTS--GENERAL INFORMATION
fixed length control field 061211s2008 maua 001 0 eng
020 ## - INTERNATIONAL STANDARD BOOK NUMBER
International Standard Book Number 9780072969412 (alk. paper)
020 ## - INTERNATIONAL STANDARD BOOK NUMBER
International Standard Book Number 0072969415 (alk. paper)
050 00 - LIBRARY OF CONGRESS CALL NUMBER
Classification number HF5549.5.C67
Item number M54 2008
082 00 - DEWEY DECIMAL CLASSIFICATION NUMBER
Classification number 658.3/2
Edition information 22
100 1# - MAIN ENTRY--PERSONAL NAME
Personal name Milkovich, George T.
245 10 - TITLE STATEMENT
Title Compensation /
Statement of responsibility, etc. George T. Milkovich, Jerry M. Newman ; with the assistance of Carolyn Milkovich.
250 ## - EDITION STATEMENT
Edition statement 9th ed.
260 ## - PUBLICATION, DISTRIBUTION, ETC.
Place of publication, distribution, etc. Boston :
Name of publisher, distributor, etc. McGraw-Hill/Irwin,
Date of publication, distribution, etc. c2008.
300 ## - PHYSICAL DESCRIPTION
Extent xvii, 652 p. :
Other physical details ill. ;
Dimensions 24 cm.
650 #0 - SUBJECT ADDED ENTRY--TOPICAL TERM
Topical term or geographic name entry element Compensation management.
700 1# - ADDED ENTRY--PERSONAL NAME
Personal name Newman, Jerry M.
700 1# - ADDED ENTRY--PERSONAL NAME
Personal name Milkovich, Carolyn.
856 42 - ELECTRONIC LOCATION AND ACCESS
Materials specified Publisher description
Uniform Resource Identifier <a href="http://www.loc.gov/catdir/enhancements/fy0708/2006101240-d.html">http://www.loc.gov/catdir/enhancements/fy0708/2006101240-d.html</a>
856 41 - ELECTRONIC LOCATION AND ACCESS
Materials specified Table of contents only
Uniform Resource Identifier <a href="http://www.loc.gov/catdir/enhancements/fy0708/2006101240-t.html">http://www.loc.gov/catdir/enhancements/fy0708/2006101240-t.html</a>
856 42 - ELECTRONIC LOCATION AND ACCESS
Materials specified Contributor biographical information
Uniform Resource Identifier <a href="http://www.loc.gov/catdir/enhancements/fy0737/2006101240-b.html">http://www.loc.gov/catdir/enhancements/fy0737/2006101240-b.html</a>
942 ## - ADDED ENTRY ELEMENTS (KOHA)
Source of classification or shelving scheme Library of Congress Classification
Koha item type Books
Suppress in OPAC No
999 ## -
-- 4370
-- 4370
Holdings
Withdrawn status Lost status Source of classification or shelving scheme Damaged status Not for loan Collection Home library Current library Shelving location Date acquired Total checkouts Full call number Barcode Date last seen Copy number Price effective from Koha item type
    Library of Congress Classification     Non-fiction Undergraduate Library (Christ Temple) Undergraduate Library (Christ Temple) General stacks 02/26/2025   HF5549.5.C67 MIL ulct00001398 02/26/2025 1 02/26/2025 Books
© 2023-2024 Copyright: Central University Libraries. All Rights Reserved | Created by: Mahone Tech Office